00942cam a2200265 a 4500001000500000005001700005020001800022040002300040050001900063082001000082100002100092245009200113250004600205260003500251300004700286490002300333505000800356520017200364521002000536521002000556650002200576650002300598650002400621700003100645310020240205161316.0 a9780545036382 aDLCcDLCdDLCbeng00aPZ7.K315b200600a813.61 aKenah, Katharine14aThe best teacher in second grade /cstory by Katharine Kenah ; pictures by Abby Carter. aFirst Scholastic printing, September 2007 aNew York :bScholastic ,c2006 a48 pages : bcolor illustrations ;c24 cm. aI can readvBook 2 aN  aAlthough reluctant at first, the second graders in Mr. Hopper's class follow new student Luna's suggestion and perform as stars in a "midnight circus" on Family Night. a560 bLexile  aN bRaz-Plus  1aSchoolsvFiction. 1aTeachersvFiction. 1aAstronomyvFiction.1 aCarter, Abbyeillustrator